<?xml version="1.0" encoding="UTF-8"?>
<collection xmlns="http://www.loc.gov/MARC21/slim">
 <record>
  <leader>01307pam a22002778a 4500</leader>
  <controlfield tag="001">00043844</controlfield>
  <controlfield tag="005">20190320100317.0</controlfield>
  <controlfield tag="008">110425s2008                  ||||||Viesd</controlfield>
  <datafield tag="020" ind1="#" ind2="#">
   <subfield code="c">13000</subfield>
  </datafield>
  <datafield tag="041" ind1="0" ind2="#">
   <subfield code="a">Vie</subfield>
  </datafield>
  <datafield tag="082" ind1="1" ind2="4">
   <subfield code="a">540.71</subfield>
   <subfield code="b">TH300NGH</subfield>
  </datafield>
  <datafield tag="245" ind1="0" ind2="0">
   <subfield code="a">Thí nghiệm thực hành phương pháp dạy học hóa học</subfield>
   <subfield code="c">Nguyễn Cương, Nguyễn Xuân Trường, Nguyễn Thị Sửu..[và những người khác]</subfield>
   <subfield code="n">T.3</subfield>
   <subfield code="p">Phương pháp dạy học hóa học</subfield>
  </datafield>
  <datafield tag="250" ind1="#" ind2="#">
   <subfield code="b">Có sửa chữa</subfield>
  </datafield>
  <datafield tag="260" ind1="#" ind2="#">
   <subfield code="a">Hà Nội</subfield>
   <subfield code="b">Đại học sư phạm</subfield>
   <subfield code="c">2005</subfield>
  </datafield>
  <datafield tag="300" ind1="#" ind2="#">
   <subfield code="a">213 tr.</subfield>
   <subfield code="c">27 cm.</subfield>
  </datafield>
  <datafield tag="653" ind1="#" ind2="#">
   <subfield code="a">Hóa học</subfield>
  </datafield>
  <datafield tag="653" ind1="#" ind2="#">
   <subfield code="a">Phương pháp giảng dạy</subfield>
  </datafield>
  <datafield tag="653" ind1="#" ind2="#">
   <subfield code="a">Thí nghiệm</subfield>
  </datafield>
  <datafield tag="700" ind1="0" ind2="#">
   <subfield code="a">Nguyễn, Mai Dung</subfield>
  </datafield>
  <datafield tag="700" ind1="0" ind2="#">
   <subfield code="a">Nguyễn, Thị Sửu</subfield>
  </datafield>
  <datafield tag="700" ind1="0" ind2="#">
   <subfield code="a">Nguyễn, Xuân Trường</subfield>
  </datafield>
  <datafield tag="700" ind1="0" ind2="#">
   <subfield code="a">Đặng, Thị Oanh</subfield>
  </datafield>
  <datafield tag="700" ind1="1" ind2="#">
   <subfield code="a">Nguyễn, Cương</subfield>
  </datafield>
  <datafield tag="852" ind1="#" ind2="#">
   <subfield code="j">KGT.0056462</subfield>
   <subfield code="j">KGT.0056463</subfield>
   <subfield code="j">KGT.0056464</subfield>
   <subfield code="j">KGT.0056465</subfield>
   <subfield code="j">KGT.0056466</subfield>
   <subfield code="j">KGT.0056467</subfield>
   <subfield code="j">KGT.0056468</subfield>
   <subfield code="j">KGT.0056469</subfield>
   <subfield code="j">KGT.0056470</subfield>
   <subfield code="j">KGT.0056471</subfield>
   <subfield code="j">KGT.0056472</subfield>
   <subfield code="j">KGT.0056473</subfield>
   <subfield code="j">KGT.0056474</subfield>
   <subfield code="j">KGT.0056475</subfield>
   <subfield code="j">KGT.0056476</subfield>
   <subfield code="j">KGT.0056477</subfield>
   <subfield code="j">KGT.0056478</subfield>
   <subfield code="j">KGT.0056479</subfield>
   <subfield code="j">KGT.0056480</subfield>
   <subfield code="j">KD.0025414</subfield>
  </datafield>
  <datafield tag="910" ind1="#" ind2="#">
   <subfield code="d">20/3/2019</subfield>
  </datafield>
  <datafield tag="980" ind1="#" ind2="#">
   <subfield code="a">Trung tâm Học liệu Lê Vũ Hùng, Trường Đại học Đồng Tháp</subfield>
  </datafield>
 </record>
</collection>
